000
00229nam a22000857a 4500
008
160915b xxu||||| |||| 00| 0 eng d
100
_9
511
_a
Gupta.R.G.
245
_a
Composide Mathematics-7
260
_a
New Delhi
_b
APC. Publications
_c
2010
999
_c
3168
_d
3168